| 000 | 02445 a2200409 4500 | ||
|---|---|---|---|
| 001 | 23298548 | ||
| 003 | 0000 | ||
| 005 | 20251016110811.0 | ||
| 008 | 230825s2024 flu b 001 0 eng | ||
| 010 | _a 2023040000 | ||
| 020 | _a9781032371320 | ||
| 035 | _a23298548 | ||
| 040 |
_aDNLM/DLC _beng _erda _cDLC _dDLC |
||
| 042 | _apcc | ||
| 050 | 0 | 0 | _aRD 120.77 .C45 A77 |
| 060 | 0 | 0 | _aWS 310 |
| 082 | 0 | 0 |
_a617.9/540083 _223/eng/20240403 |
| 100 | 1 |
_aAssia-Zamora, Sergio, _eauthor. |
|
| 245 | 1 | 0 |
_aPediatric abdominal organ transplantation : _ban introduction and practical guide / _cSergio Assia-Zamora and Nigel Heaton. |
| 264 | 1 |
_aBoca Raton, FL : _bCRC Press, _c2024. |
|
| 300 |
_a123p. ill. ; _c24 cm |
||
| 336 |
_atext _btxt _2rdacontent |
||
| 337 |
_aunmediated _bn _2rdamedia |
||
| 338 |
_avolume _bnc _2rdacarrier |
||
| 504 | _aIncludes bibliographical references and index. | ||
| 505 | 0 | _aHistory of abdominal organ transplantation -- Organ donation and retrieval -- Pediatric special considerations in multiorgan retrieval -- Kidney transplantation -- Liver transplantation -- Pancreas transplantation -- Islet cells transplantation -- Small bowel transplantation -- Immunosuppression -- Infection -- Future developments. | |
| 520 |
_a"Pediatric abdominal organ transplantation is a complex procedure that requires a multidisciplinary team. This book highlights the surgical point of view of these transplantations, including the kidney, liver, pancreas, and small bowel. It is intended to deepen the knowledge of these type of transplants for medical students, nurses, doctors, anaesthetists. This book will serve to expand the understanding the general concepts of pediatric abdominal transplantation, indications, surgical procedure, and complications of each type of graft for all multidisciplinary team members"-- _cProvided by publisher. |
||
| 650 | 1 | 2 |
_aDigestive System Surgical Procedures _xmethods |
| 650 | 1 | 2 |
_aPediatrics _xmethods |
| 650 | 2 | 2 |
_aOrgan Transplantation _xmethods |
| 650 | 2 | 2 | _aImmunosuppression Therapy |
| 700 | 1 |
_aHeaton, Nigel, _eauthor. |
|
| 776 | 0 | 8 |
_iOnline version: _aAssia-Zamora, Sergio. _tPediatric abdominal organ transplantation _bFirst edition. _dBoca Raton, FL : CRC Press, 2024 _z9781003341741 _w(DLC) 2023040001 |
| 906 |
_a7 _bcbc _corignew _d1 _eecip _f20 _gy-gencatlg |
||
| 942 |
_2lcc _cBK |
||
| 999 |
_c43832 _d43832 |
||